U.S State Abbreviations And Chemical Symbols - Statistics

General Stats
  • This quiz has been taken 34 times
  • The average score is 26 of 32
Answer Stats
Letters Element % Correct
Al Alabama
100%
Aluminium
100%
Ar Arkansas
100%
Ca California
100%
Co Colorado
100%
Fl Florida
100%
Ga Georgia
97%
In Indiana
97%
Md Maryland
97%
Mn Minnesota
97%
Mt Montana
97%
Pa Pennsylvania
97%
Sc South Carolina
97%
Argon
94%
Calcium
94%
Cobalt
94%
Ne Nebraska
91%
Nd North Dakota
91%
La Louisiana
88%
Neon
88%
Mo Missouri
85%
Gallium
79%
Scandium
76%
Indium
70%
Manganese
67%
Molybdenum
64%
Lanthanum
52%
Mendelevium
42%
Neodymium
42%
Flerovium
36%
Meitnerium
36%
Protactinium
30%
No matching quizzes found
Score Distribution
Percent of People with Each Score
Percentile by Number Answered
Your Score History
You have not taken this quiz